[Event "Katrineholm"]
[Site "Katrineholm"]
[Date "1999.05.18"]
[Round "7"]
[White "Fedorov, Alexei"]
[Black "Ibragimov, Ildar"]
[Result "1-0"]
[WhiteElo "2648"]
[BlackElo "2602"]
[Annotator "Bangiev"]
[PlyCount "43"]
[EventDate "1999.05.??"]
[Source "ChessBase"]
[SourceDate "1999.08.01"]

1. e4 e5 2. f4 exf4 3. Nf3 d6 4. d4 g5 5. h4 g4 6. Ng1 f5 7. Nc3 Nf6 8. Bxf4
fxe4 9. d5 $1 (9. Qd2 d5 $15) 9... Nh5 $2 (9... Bg7 10. Bb5+ $5 (10. h5 O-O $13
) 10... Bd7 (10... c6 11. dxc6 bxc6 12. Ba4 $14) 11. h5 Bxb5 12. Nxb5 $36) 10.
Bg5 Be7 11. Bb5+ $1 Kf7 (11... c6 12. dxc6 bxc6 13. Nxe4 (13. Bxe7 $5 Qxe7 14.
Bxc6+ Nxc6 15. Qd5 Rb8 16. Qxh5+ Qf7 17. Qxf7+ Kxf7 18. b3 $44) (13. Qd5 $6 Ng3
$1 14. Rh2 Bd7) 13... d5 (13... Qa5+ 14. Nc3 cxb5 15. Qd5 $16) 14. Bxe7 (14.
Qd4 O-O $17) 14... Kxe7 (14... Qxe7 $2 15. Qxd5) 15. Qd4 dxe4 (15... cxb5 16.
Qe5+ Be6 17. Qg5+ Kd7 18. Nc5+ $36) 16. Qe5+ Be6 17. Bc4 Nf4 18. Qg7+ Kd6 19.
Bxe6 (19. O-O-O+ $2 Nd5) 19... Kxe6 (19... Nxe6 $2 20. O-O-O+) 20. Qxg4+ Ke5
21. Ne2 $1 Nxe2 (21... Rf8 $2 22. Qg3 $1 Rf7 23. O-O Qf8 24. Rxf4 Rxf4 25. Rf1
$18) 22. Qh5+ Ke6 23. Qg4+ Ke5 (23... Ke7 $2 24. Qxe4+) 24. Qh5+ $11) (11...
Nd7 $2 12. Qxg4 $16) (11... Bd7 $2 12. Qxg4 $16) 12. Nge2 a6 (12... Bxg5 13.
hxg5 Qxg5 14. Qd4 $40) 13. O-O+ Kg8 (13... Kg7 $2 14. Qd4+ Bf6 15. Bxf6+ Nxf6
16. Nxe4 $18) 14. Ba4 Bxg5 $6 (14... b5 $142 15. Bb3 Bxg5 16. hxg5 Qxg5 17. Qd4
Nd7 18. Nxe4 $36) (14... h6 15. Bxe7 Qxe7 16. Qd4 $36) 15. hxg5 Nd7 $2 {
Das Feld e6 bleibt nur einen Augenblick ungedeckt.} (15... Qxg5 16. Qd4 Nd7 (
16... Qe5 17. Qxe5 dxe5 18. Be8 $16) 17. Nxe4 Qg7 18. Rae1 $36) 16. Nf4 $1 Nxf4
(16... Ng3 17. Qxg4 Nxf1 18. Qe6+ Kf8 19. Rxf1 $18) (16... Qxg5 17. Nxe4 $18)
17. Qxg4 $1 $16 Ne5 18. Qxf4 Kg7 (18... b5 19. Bb3 a5 20. Nxe4 a4 21. Nf6+ Kg7
22. Qh4 $18) 19. Nxe4 b5 20. Bb3 Bd7 21. Nf6 h5 (21... Be8 22. Rae1 $40) 22.
Rae1 1-0

[Event "RUS-Cup1 Chigorin mem"]
[Site "St Petersburg"]
[Date "1996.??.??"]
[Round "4"]
[White "Fedorov, Alexei"]
[Black "Notkin, Maksim"]
[Result "1-0"]
[WhiteElo "2555"]
[BlackElo "2520"]
[PlyCount "43"]
[EventDate "1996.11.??"]
[Source "ChessBase"]
[SourceDate "2004.01.01"]

1. e4 e5 2. f4 exf4 3. Nf3 h6 4. d4 g5 5. Nc3 d6 6. g3 fxg3 7. hxg3 Bg7 8. Bc4
Nc6 9. Be3 Bg4 10. O-O Nf6 11. Qd3 O-O 12. Nxg5 hxg5 13. Bxg5 Nb4 14. Qd2 c5
15. Rf4 Bh3 16. Qh2 Ng4 17. Qxh3 Qxg5 18. Rxg4 Qe3+ 19. Kg2 Qd2+ 20. Ne2 Nxc2
21. Rh1 Ne3+ 22. Kf3 1-0

[Event "Moscow5"]
[Site "Moscow"]
[Date "1995.??.??"]
[Round "3"]
[White "Fedorov, Alexei"]
[Black "Gorelov, Sergey G"]
[Result "1-0"]
[WhiteElo "2540"]
[BlackElo "2490"]
[Annotator "Blatny,P"]
[PlyCount "45"]
[EventDate "1995.??.??"]
[Source "ChessBase"]
[SourceDate "2004.01.01"]

1. e4 e5 2. f4 d5 3. exd5 exf4 4. Nf3 Nf6 5. Bc4 Nxd5 6. O-O c6 (6... Be6 7.
Bb3 Bd6 8. c4 Nb6 9. d4 Nxc4 10. Qe2 b5 11. Nc3 (11. d5 $2 Bc5+ $19) 11... c6
12. a4 O-O 13. axb5 Ne3 $1 14. Bxe3 Bxb3 $15 {
Rechel,B-Ziatdinov,R/Groningen op (06) ;EXP 38/1993/}) (6... Be7 7. d4 O-O 8.
Bxd5 Qxd5 9. Bxf4 c6 (9... c5 10. Nc3 Qc4 11. Qe1 Bf6 12. Bd6 Bxd4+ 13. Kh1 Qe6
14. Bxf8 $18 {Gallagher,J-Morris,P/Hastings Challengers ;EXP 21/1990/}) 10. Nc3
Qd8 11. Qd2 Nd7 12. d5 Nb6 13. d6 Bf6 14. Ne4 $10 {
Gallagher,J-Hedke,F/Biel op (08) ;EXP 31/1992/}) (6... Nc6 7. d4 Bg4 8. Qe1+
Be7 9. Ne5 Nxe5 10. Qxe5 $10 {Arnason,J-Mortensen,E/Espoo zt ;CBM 14/1989/}) 7.
Bb3 (7. Nc3 Be7 8. d4 O-O 9. Qe2 Bg4 10. Qe4 Be6 11. Bd3 g6 12. Nxd5 Bxd5 13.
Qxf4 Nd7 $14 {Sokolov,D-Kislov,M/URS-sf Voronez ;EXP 22/1991/}) 7... Bd6 8. c4
Ne7 9. d4 O-O $6 (9... Bg4 $142 10. Nc3 O-O $15) 10. Ng5 $5 c5 (10... Ng6 $6
11. Qh5 h6 12. Nxf7 $40) 11. Nc3 (11. d5 Ng6 12. Ne4 Be5 $1 $15) 11... Nbc6 12.
Nb5 Nf5 (12... Nxd4 $6 13. Nxd4 cxd4 14. c5 $1 Bc7 15. Qh5 Bf5 16. Nxf7 Qb8 17.
Qg5 $1 Rxf7 18. Qxe7 Bg6 19. g3 $16) (12... Bb8 13. dxc5 $10) 13. Qh5 h6 14.
Ne4 (14. Nxd6 $2 Qxd6 15. d5 hxg5 16. dxc6 Qf6 $17) 14... Ncxd4 (14... cxd4 15.
Nexd6 Nxd6 16. Nxd6 Qxd6 17. c5 $40) 15. Nexd6 Nxd6 16. Nxd4 cxd4 17. Rxf4 Nf5
$2 (17... Re8 18. c5 Re1+ 19. Kf2 Qa5 $132) (17... Be6 18. Rxd4 Qe7 $14) 18.
Rxf5 g6 (18... Bxf5 19. Qxf5 $16) 19. Qxh6 Bxf5 20. Bg5 Qd6 $6 (20... Qb6 $142)
21. Qh4 Kg7 22. c5 $18 Qc6 (22... Qe5 23. Re1 $18) 23. Bh6+ (23. Bh6+ Kg8 (
23... Kh7 24. Bxf8+ $18) 24. Qxd4 {/\Qg7#}) 1-0

[Event "Ubeda op 2nd"]
[Site "Ubeda"]
[Date "1997.??.??"]
[Round "5"]
[White "Shulman, Yuri"]
[Black "Marciano, David"]
[Result "1-0"]
[WhiteElo "2555"]
[BlackElo "2485"]
[Annotator "Shulman"]
[PlyCount "51"]
[EventDate "1997.02.??"]
[Source "ChessBase"]
[SourceDate "2004.01.01"]

1. e4 {Kapengut,A} 1... e5 2. Nc3 Nc6 3. f4 exf4 4. Nf3 g5 5. h4 g4 6. Ng5 h6
7. Nxf7 Kxf7 8. Bc4+ (8. Qxg4 Nf6 9. Qxf4 d6 10. Bc4+ Ke8 11. O-O Bg7 12. Qg3
Qe7 13. Qg6+ Kd8 14. d4 Bd7 15. Bf7 Rf8 16. Qxg7 Rxf7 17. Qxh6 Ng4 18. Qh8+ Qe8
19. Bg5+ Kc8 20. Qxe8+ Bxe8 21. Rxf7 Bxf7 22. Rf1 Be8 23. Rf4 $18 {
Lamothe-Moseki/Moscow ol  1994}) (8. d4 d5 $142 (8... f3 9. Bc4+ (9. gxf3 Be7
10. Bc4+ Kg7 11. Be3 d6 12. f4 h5 13. d5 Nb8 14. O-O Nh6 15. Bd4+ Kh7 16. Bxh8
Qxh8 17. Kg2 Nd7 18. Nb5 Nb6 19. Bd3 Bd7 20. Nxc7 Rc8 21. e5+ Bf5 22. Ne6 Nxd5
23. Re1 Nb4 24. Bxf5+ Nxf5 25. c3 Qe8 26. cxb4 Bxh4 27. Ng5+ Kh6 28. Qd3 Qc6+
29. Kg1 Qb6+ 30. Kh1 Qc6+ 31. Kg1 {
1/2-1/2 Taubenhaus,J-Lipschuetz,S/USA-06.Congress New York 1889}) 9... d5 10.
Bxd5+ Kg7 11. gxf3 Bb4 (11... Nf6 12. Bf4 $1 $16) 12. Be3 Nf6 13. Bc4 Qe7 14.
Qe2 gxf3 15. Qxf3 Bg4 16. Rg1 h5 17. e5 Nxe5 18. dxe5 Qxe5 19. O-O-O Bc5 20.
Rd7+ Nxd7 21. Qf7# {1-0 Gallagher,J-Hresc,V/Genf op (7) 1991}) (8... Bb4 9.
Bxf4 d6 10. Bc4+ Kg7 11. O-O Bxc3 12. bxc3 Nf6 13. Qe2 Qe7 14. Rae1 Nh5 15. e5
Nxf4 16. Rxf4 Rf8 17. Rxf8 Qxf8 18. Rf1 Qe7 19. e6 $1 $18 {
Veltkamp,G-Czebe,A/Budapest Spring op 1996}) 9. Bxf4 (9. Nxd5 f3 10. gxf3 Nge7
11. Bc4 Be6 (11... Nxd5 12. Bxd5+ Kg7 13. Bxc6 bxc6 14. fxg4 Be7 15. O-O Bxh4
16. Bf4 Bf6 17. e5 Bg5 18. c3 Bxf4 19. Rxf4 h5 20. Qf3 Bxg4 $17) 12. fxg4 Bxd5
(12... Nxd5 $2 13. exd5 Bxd5 14. Qf3+ $18) 13. exd5 Na5 14. Qf3+ Kg8 15. O-O
Qe8 16. d6+ Nxc4 17. dxe7 Bxe7 18. Qd5+ Kg7 19. Qxc4 Qg6 20. d5 $18 {Konikowski
}) (9. exd5 Qe7+ 10. Kf2 (10. Be2 f3 11. gxf3 gxf3 12. O-O Qxh4 13. Bxf3 Nf6
14. Bh5+ Ke7 15. Qe2+ Kd8 16. Rxf6 Rg8+ 17. Rg6 Rxg6+ 18. Bxg6 Qg3+ 19. Qg2
Qe1+ 20. Qf1 {1/2-1/2 Corzo y Principe,J-Capablanca,J/Havana m (06) 1901})
10... g3+ 11. Kg1 Nxd4 12. Qxd4 Qc5 13. Ne2 Qb6 14. Qxb6 axb6 15. Nd4 Bc5 16.
c3 Ra4 17. Be2 Bxd4+ 18. cxd4 Rxd4 19. b3 Nf6 20. Bb2 Rd2 21. Bh5+ Nxh5 22.
Bxh8 f3 23. gxf3 Nf4 24. Be5 Rg2+ 25. Kf1 Rf2+ 26. Ke1 Nd3+ {
0-1 Corzo y Principe,J-Capablanca,J/Havana m (08) 1901}) 9... Bb4 (9... Nf6 10.
e5 (10. exd5 Bd6 11. Qd2 Ne7 12. Bd3 Bxf4 13. Qxf4 Qd6 14. Qd2 Qg3+ 15. Kd1 Bf5
16. Ne2 Qxg2 17. Rg1 Qf3 18. Bc4 Kg7 19. b3 Nexd5 20. Kc1 Qe3 21. Bxd5 Nxd5 22.
c4 Qxd2+ 23. Kxd2 Ne7 24. Ng3 Raf8 25. Rae1 Nc8 26. Nxf5+ Rxf5 27. Rxg4+ Kf7
$19 {Barboza de Oliveira A-Villegas B/Carrasco 1921}) (10. Bd3 dxe4 11. Bc4+
Ke8 12. d5 Bd6 $1 13. Bxd6 Qxd6 14. dxc6 Qg3+ 15. Kd2 Qf4+ $11 {
Konstantinopolsky,A}) (10. Be2 dxe4 11. d5 Ne7 $5 $17 (11... Bd6 12. Bxd6 Qxd6
13. O-O {+/- Glazkov})) 10... Nh5 11. Be2 Nxf4 12. O-O h5 13. Rxf4+ Kg7 14. Qd2
Be7 15. Raf1 Be6 16. Rf6 Bxf6 17. Rxf6 Qxf6 18. exf6+ Kf7 19. Bd3 Rag8 20. Qf4
g3 21. Qxc7+ Kxf6 22. Nxd5+ Bxd5 23. Qd6+ Be6 24. d5 Nd8 25. dxe6 Nxe6 26. Bc4
$18 {Blackburne,J-Cheshire/Hastings 1894}) 10. Bb5 (10. Be2 Bxc3+ 11. bxc3 Nf6
12. O-O Kg7 13. c4 Nxe4 14. cxd5 Qxh4 $142 (14... Nc3 $2 15. dxc6 $1 Nxd1 16.
Be5+ Kg6 17. Bd3+ Kh5 18. cxb7 Bd7 19. bxa8=Q Qxa8 20. Raxd1 Rf8 21. Rxf8 Qxf8
22. Rf1 Qe8 23. Bg3 $1 Qg8 24. Re1 {
1-0 Laesson,T-Kakhiani,K/Zhelesnovodsk/1987/}) (14... Qxd5 15. c4 $5) 15. dxc6
Re8 $1 (15... g3 16. Be5+ Kg6 17. Bh5+ Qxh5 18. Qxh5+ Kxh5 19. Bxh8 bxc6 20.
Rf8 Bb7 21. Rxa8 Bxa8 22. c4 c5 23. d5 $18 {
Kogan,A-Gyimesi,Z/Budapest GM-3 1996}) 16. cxb7 (16. d5 g3 17. Qd4+ Nf6 18. Rf3
Qh2+ 19. Kf1 Qh1+ 20. Qg1 Qxg1+ 21. Kxg1 Rxe2 22. Rxg3+ Kf7 23. Bxh6 Nxd5 $17)
16... Bxb7 (16... g3 17. Bxg3 Nxg3 18. bxa8=Q Rxe2 19. Rf7+ $1 $18) 17. Bxg4
Nc3 $17) 10... Bxc3+ 11. bxc3 Nf6 (11... dxe4 12. O-O Nf6 13. Bxc6 bxc6 14. Be5
$16) 12. O-O Kg7 13. Bxc6 bxc6 14. Be5 Rf8 15. Qd3 (15. Rf4 Kg8 16. exd5 cxd5
17. Qe2 Ne4 18. Rxg4+ Bxg4 19. Qxg4+ Kf7 20. Rf1+ Ke7 21. Qg7+ Ke6 22. Qg4+ Ke7
$11) 15... a5 16. exd5 cxd5 17. Rae1 Ba6 18. Qf5 Bxf1 19. Qxg4+ Kh8 20. Qg6
Bxg2 21. Qxh6+ Kg8 22. Qg6+ Kh8 $11 {Konikowski}) 8... d5 9. Bxd5+ (9. Nxd5 $5
Kg7 (9... Be6 10. d4 Nf6 11. Qd3 Kg7 12. Nxf4 Bxc4 13. Qxc4 Qe7 14. e5 Nd8 15.
O-O Nh7 16. Nh5+ Kg6 17. Qd3+ Kxh5 18. Qf5+ Ng5 19. hxg5 hxg5 20. Kf2 Kh6 21.
Bxg5+ Qxg5 22. Rh1+ {1-0 Blackburne,J-O'Hanlon,J/Belfast 1896}) 10. d4 (10.
Nxf4 $2 Nf6 11. d3 Bc5 12. Rf1 Ne5 13. Be6 g3 14. Qe2 Bf2+ 15. Rxf2 gxf2+ 16.
Qxf2 Qe8 17. Bxc8 Qxc8 18. Bd2 Qg4 $19 {
Van der Weide,P-Zuidema,C/Leeuwarden NED ch 1973}) 10... Nf6 11. Bxf4 Bd6 12.
Nxf6 Qxf6 13. Be3 Bg3+ 14. Ke2 Rd8 15. c3 Bxh4 16. Rf1 Qg6 17. Rf7+ Kh8 18. Qh1
$1 Bg5 19. Bxg5 Qxg5 20. Raf1 Bd7 21. R1f6 h5 22. Qh4 $3 Qxh4 23. Rh6+ Kg8 24.
Rxd7+ Kf8 25. Rh8# {1-0 Blackburne,J-Benfy/Manchester 1898}) 9... Kg7 10. d4 (
10. b4 Bxb4 11. Bb2 Nf6 12. Ne2 Kh7 13. c3 Nxd5 14. exd5 Qxd5 15. cxb4 Nxb4 16.
O-O Rd8 17. Nxf4 Qc5+ {1/2-1/2 Kristinsson,B-Studeny,S/Aarhus 1995}) 10... Nf6
11. Bxf4 Bb4 12. Bxc6 bxc6 13. O-O Rf8 (13... Ba6 $140 $2 14. Be5 $18) 14. Qd2
Ng8 (14... Nxe4 15. Bxh6+ Kh7 16. Qe3 $40) 15. Be5+ Kh7 16. Rxf8 Qxf8 (16...
Bxf8 17. Rf1 Qe8 (17... Qe7 18. Qf4 Be6 19. d5 $16) 18. Qf4 Ba6 19. Qf7+ (19.
Qf5+ Qg6 20. Qd7+ Be7 21. Rf6 $5 Nxf6 (21... Qh5 $140 $6 22. Rf5 Qe8 23. h5 $3
Bc4 24. d5 $18) 22. Qxe7+ Qg7 23. Qxf6 $14) 19... Qxf7 20. Rxf7+ Kg6 21. Rxc7
Ne7 22. Bd6 $16) 17. Rf1 Qe7 18. Qf4 Be6 (18... Bxc3 $6 19. bxc3 Be6 20. d5 $18
) 19. Nd5 $3 Bd2 (19... cxd5 $140 $6 20. exd5 Bf7 21. Qxf7+ Qxf7 22. Rxf7+ Kg6
23. Rxc7 $18) (19... Rf8 20. Nxe7 Rxf4 21. Rxf4 Bxe7 (21... Nxe7 22. a3) 22. h5
$1 $16) 20. Qxd2 cxd5 21. Qf4 $5 (21. exd5 Bf7 22. Qf4 Bg6 23. Qxg4 h5 (23...
Bxc2 $2 24. Rc1) 24. Qf4 $16) 21... c6 22. exd5 cxd5 23. c4 Qd7 (23... Qb7 24.
Qf2 Ne7 25. Qf6 $18) 24. h5 Ne7 (24... Rc8 25. b3 $1 $18 {/\ 26.Qf2}) 25. Qf6
Rg8 26. Qf7+ 1-0

[Event "Viking op"]
[Site "Aaland-Stockholm"]
[Date "1997.08.30"]
[Round "8"]
[White "Fedorov, Alexei"]
[Black "Nielsen, Peter Heine"]
[Result "1-0"]
[WhiteElo "2600"]
[BlackElo "2515"]
[PlyCount "25"]
[EventDate "1997.08.??"]
[Source "ChessBase"]
[SourceDate "1997.11.17"]

1. e4 e5 2. f4 exf4 3. Nf3 Be7 4. Bc4 Bh4+ 5. Kf1 d5 6. exd5 Bg4 7. d4 Ne7 8.
Nc3 Ng6 9. Qe2+ Be7 10. h4 h5 11. Qe4 Nd7 12. d6 cxd6 13. Ng5 1-0